Las responsabilidades, penal y civil, dimanentesis del accidente de circulación (Record no. 37737)

MARC details
000 -LEADER
campo de control de longitud fija 00563nam a2200157 i 4500
001 - NÚMERO DE CONTROL
campo de control 37737
003 - IDENTIFICADOR DE NÚMERO DE CONTROL
campo de control ES-MaACL
007 - CAMPO FIJO DE DESCRIPCIÓN FÍSICA--INFORMACIÓN GENERAL
campo de control de longitud fija t|
008 - DATOS DE LONGITUD FIJA--INFORMACIÓN GENERAL
campo de control de longitud fija 030221s1983 sp ||||1| spa d
100 1# - ENTRADA PRINCIPAL--NOMBRE DE PERSONA
Nombre de persona Caballero Gea, José-Alfredo.
9 (RLIN) 33107
245 14 - MENCIÓN DEL TÍTULO
Título Las responsabilidades, penal y civil, dimanentesis del accidente de circulación
Resto del título : síntesis... de sentencias... seguros : formularios /
Mención de responsabilidad, etc. José Alfredo Caballero Gea.
250 ## - MENCION DE EDICION
Mención de edición 2ª ed. act. y ampl.
260 ## - PUBLICACIÓN, DISTRIBUCIÓN, ETC.
Lugar de publicación, distribución, etc. Pamplona :
Nombre del editor, distribuidor, etc. Aranzadi,
Fecha de publicación, distribución, etc. 1983.
300 ## - DESCRIPCIÓN FÍSICA
Extensión 731 p. ;
Dimensiones 24 cm.
852 ## - LOCALIZACIÓN
Ubicación ES-MaACL
Número de control de estantería L-7998
Sublocalización o colección R.108312
Holdings
Estatus retirado Estado de pérdida Estado de daño No para préstamo Biblioteca de origen Biblioteca actual Ubicación en estantería Fecha de adquisición Fuente de adquisición Total de préstamos Signatura topográfica completa Código de barras Visto por última vez Precio de reemplazo Tipo de ítem Koha
        Biblioteca del Ateneo de Madrid Biblioteca del Ateneo de Madrid Depósito 2 17/01/2008     L-7998 1039728 23/02/2023 23/02/2023 Libro impreso